From seed to pumpkin / (Record no. 721)

MARC details
000 -LEADER
fixed length control field 01286nam a22003257a 4500
005 - DATE AND TIME OF LATEST TRANSACTION
control field 20250828154825.0
020 ## - INTERNATIONAL STANDARD BOOK NUMBER
International Standard Book Number 0060280387
020 ## - INTERNATIONAL STANDARD BOOK NUMBER
International Standard Book Number 0060280395 (lib. bdg.)
020 ## - INTERNATIONAL STANDARD BOOK NUMBER
International Standard Book Number 0064451909 (pbk.)
020 ## - INTERNATIONAL STANDARD BOOK NUMBER
International Standard Book Number 9780439826051
040 ## - CATALOGING SOURCE
Original cataloging agency DLC
Transcribing agency DLC
Modifying agency DLC
Language of cataloging eng
050 00 - LIBRARY OF CONGRESS CALL NUMBER
Classification number SB347
Item number .P44 2004
082 00 - DEWEY DECIMAL CLASSIFICATION NUMBER
Classification number 583/.63
Edition number 21
100 1# - MAIN ENTRY--PERSONAL NAME
Personal name Pfeffer, Wendy,
Dates associated with a name 1929-
245 10 - TITLE STATEMENT
Title From seed to pumpkin /
Statement of responsibility, etc. by Wendy Pfeffer ; illustrated by James Graham Hale.
250 ## - EDITION STATEMENT
Edition statement First Scholastic printing, October 2005.
260 ## - PUBLICATION, DISTRIBUTION, ETC.
Place of publication, distribution, etc. New York :
Name of publisher, distributor, etc. Scholastic,
Date of publication, distribution, etc. 2004
300 ## - PHYSICAL DESCRIPTION
Extent 33 pages :
Other physical details color illustrations ;
Dimensions 21 x 26 cm.
490 ## - SERIES STATEMENT
Materials specified Let's read and find out science
505 ## - FORMATTED CONTENTS NOTE
Formatted contents note N <br/>
520 ## - SUMMARY, ETC.
Summary, etc. Learn how pumpkins grow from tiny seeds to big pumpkins. Pumpkins can be baked in a pie. Pumpkins can be carved into jack-o'-lanterns. Pumpkin seeds can be roasted for a healthy snack. But how does a tiny seed turn into a big pumpkin? Read and find out what a pumpkin seed needs to help it grow!
521 ## - TARGET AUDIENCE NOTE
Target audience note 550 <br/>
Source Lexile <br/>
521 ## - TARGET AUDIENCE NOTE
Target audience note N <br/>
Source Raz-Plus
650 #0 - SUBJECT ADDED ENTRY--TOPICAL TERM
Topical term or geographic name entry element Pumpkin
General subdivision Life cycles
Form subdivision Juvenile literature.
650 #1 - SUBJECT ADDED ENTRY--TOPICAL TERM
Topical term or geographic name entry element Pumpkin.
700 1# - ADDED ENTRY--PERSONAL NAME
Personal name Hale, James Graham,
Relator term illustrator.
906 ## - LOCAL DATA ELEMENT F, LDF (RLIN)
a 7
b cbc
c orignew
d 1
e ocip
f 20
g y-gencatlg
942 ## - ADDED ENTRY ELEMENTS (KOHA)
Source of classification or shelving scheme Dewey Decimal Classification
Koha item type Books
Suppress in OPAC No
999 ## -
-- 721
-- 721
Holdings
Withdrawn status Lost status Source of classification or shelving scheme Damaged status Not for loan Collection Home library Current library Shelving location Date acquired Total Checkouts Full call number Barcode Date last seen Date last checked out Copy number Price effective from Koha item type
    Dewey Decimal Classification     Non-Fiction Footprints International School Library Network Toul Kork Campus Footprints International School Library Network Toul Kork Campus TK Primary Library Room(4th Floor), Bookcase 3&4, Shelves 17-32, Yellow Books 07/03/2023 3 PFE 583.63 SB347.P44 FISBK05324 12/14/2023 09/26/2023 1 07/03/2023 Books
    Dewey Decimal Classification     Non-Fiction Footprints International School Library Network Toul Kork Campus Footprints International School Library Network Toul Kork Campus TK Primary Library Room(4th Floor), Bookcase 3&4, Shelves 17-32, Yellow Books 07/03/2023 1 PFE 583.63 SB347.P44 FISTK04150 01/11/2024 11/23/2023 2 07/03/2023 Books
    Dewey Decimal Classification     Non-Fiction Footprints International School Library Network Toul Kork Campus Footprints International School Library Network Toul Kork Campus TK Primary Library Room(4th Floor), Bookcase 3&4, Shelves 17-32, Yellow Books 11/15/2023   PFE 583.63 SB347.P44 FISTK04149 11/15/2023   3 11/15/2023 Books
    Dewey Decimal Classification     Non-Fiction Footprints International School Library Network Toul Kork Campus Footprints International School Library Network Toul Kork Campus TK Primary Library Room(4th Floor), Bookcase 3&4, Shelves 17-32, Yellow Books 11/15/2023 3 PFE 583.63 SB347.P44 FISBK05371 03/26/2024 03/19/2024 4 11/15/2023 Books
    Dewey Decimal Classification     Non-Fiction Footprints International School Library Network Toul Kork Campus Footprints International School Library Network Toul Kork Campus   11/15/2023   PFE 583.63 SB347.P44 FISTK04212 01/16/2024   5 11/15/2023 Books
    Dewey Decimal Classification     Non-Fiction Footprints International School Library Network Toul Kork Campus Footprints International School Library Network Toul Kork Campus TK Primary Library Room(4th Floor), Bookcase 3&4, Shelves 17-32, Yellow Books 07/16/2024   PFE 583.63 SB347.P44 FISBK05384 07/16/2024   6 07/16/2024 Books
    Dewey Decimal Classification     Non-Fiction Footprints International School Library Network Toul Kork Campus Footprints International School Library Network Toul Kork Campus TK Primary Library Room(4th Floor), Bookcase 3&4, Shelves 17-32, Yellow Books 07/16/2024 1 PFE 583.63 SB347.P44 FISTK04211 03/14/2025 12/09/2024 7 07/16/2024 Books
    Dewey Decimal Classification     Non-Fiction Footprints International School Library Network Toul Kork Campus Footprints International School Library Network Toul Kork Campus TK Primary Library Room(4th Floor), Bookcase 3&4, Shelves 17-32, Yellow Books 11/27/2024   PFE 583.63 SB347.P44 FISTK01607 11/27/2024   8 11/27/2024 Books
    Dewey Decimal Classification     Non-Fiction Footprints International School Library Network Toul Tom Poung Campus Footprints International School Library Network Toul Tom Poung Campus TTP Primary Yellow Bookshelves 08/27/2025   PFE 583.63 SB347.P44 FISTK04210 08/27/2025   9 08/27/2025 Books
    Dewey Decimal Classification     Non-Fiction Footprints International School Library Network Toul Tom Poung Campus Footprints International School Library Network Toul Tom Poung Campus TTP Primary Yellow Bookshelves 08/28/2025   PFE 583.63 SB347.P44 FISTK04151 08/28/2025   10 08/28/2025 Books